Un caso de colisión de derechos: el poder obligar a un paciente a someterse a un tratamiento médico (Record no. 667648)

000 -CABECERA
Campo de control de longitud fija 00495nab a2200145Ia 4500
003 - IDENTIFICADOR DEL NÚMERO DE CONTROL
Campo de control ES-SlBCS
005 - FECHA Y HORA DE LA ÚLTIMA TRANSACCIÓN
Campo de control 20210601141851.0
008 - CÓDIGOS DE INFORMACIÓN DE LONGITUD FIJA
Campo de control de longitud fija 140529s1976 xxu||||| |||| 00| 0 spa d
041 ## - CÓDIGO DE LENGUA
Código de lengua del texto/banda sonora o título independiente spa
100 1# - PUNTO DE ACCESO PRINCIPAL-NOMBRE DE PERSONA
Nombre de persona Macklin, Ruth
9 (RLIN) 53380
245 00 - MENCIÓN DE TÍTULO
Título Un caso de colisión de derechos: el poder obligar a un paciente a someterse a un tratamiento médico
Mención de responsabilidad, etc. Ruth Macklin
650 04 - PUNTO DE ACCESO ADICIONAL DE MATERIA-TÉRMINO DE MATERIA
Término de materia o nombre geográfico como elemento inicial Tratamiento Médico
9 (RLIN) 261950
773 0# - ENLACE AL DOCUMENTO FUENTE
Título Folia Humanistica
Parte(s) relacionada(s) vol. 14, nº. 157, 1976, págs. 19-38
Número de control del registro relacionado Rev1220
942 ## - ENTRADA DE ELEMENTOS AGREGADOS (KOHA)
Koha [por defecto] tipo de item Artículos de revista
Holdings
Suprimido Perdido Estropeado No para préstamo Localización permanente Localización actual Localización en estantería Fecha adquisición Préstamos totales Fecha última consulta Fecha del precio de reemplazo Tipo de item de Koha
        San Esteban San Esteban Depósito de revistas 11/07/2014   11/07/2014 11/07/2014 Artículos de revista

Bibliotecas Dominicos Provincia Hispania, 2016

Con tecnología Koha